000 00496nam a2200181Ia 4500
005 20250326125039.0
008 250326s9999 xx 000 0 und d
037 _aTextbook
040 _aFMSL
_beng
_cFMSL
041 _aeng
_2eng
084 _aX:9 J5
_qFMSL
100 _aMowry R
_9738416
245 0 _aHow to win conferences meetinengs and interviews
_cMowry R
260 _aNY
_bNY, Elliot Right Way
_c1955
300 _a190p
942 _cTB
_hX:9 J5
999 _c1276306
_d1276306